Premier League Results 2023/24 - Statistics

General Stats
  • This quiz has been taken 57 times
  • The average score is 90 of 380
Answer Stats
% Correct
Matchday 1 Burnley 0-3 Manchester City
89%
Matchday 1 Arsenal 2-1 Nottingham Forest
78%
Matchday 1 Chelsea 1-1 Liverpool
65%
Matchday 1 Manchester United 1-0 Wolverhampton Wanderers
59%
Matchday 1 Bournemouth 1-1 West Ham United
54%
Matchday 1 Everton 0-1 Fulham
51%
Matchday 1 Brighton & Hove Albion 4-1 Luton Town
51%
Matchday 1 Sheffield United 0-1 Crystal Palace
49%
Matchday 1 Brentford 2-2 Tottenham Hotspur
49%
Matchday 1 Newcastle United 5-1 Aston Villa
49%
Matchday 2 Tottenham Hotspur 2-0 Manchester United
46%
Matchday 2 West Ham United 3-1 Chelsea
43%
Matchday 2 Manchester City 1-0 Newcastle United
41%
Matchday 2 Nottingham Forest 2-1 Sheffield United
41%
Matchday 3 Chelsea 3-0 Luton Town
41%
Matchday 2 Crystal Palace 0-1 Arsenal
38%
Matchday 15 Tottenham Hotspur 1-2 West Ham United
38%
Matchday 5 West Ham United 1-3 Manchester City
38%
Matchday 18 West Ham United 2-0 Manchester United
38%
Matchday 5 Tottenham Hotspur 2-1 Sheffield United
38%
Matchday 11 Fulham 0-1 Manchester United
35%
Matchday 7 Fulham 0-2 Chelsea
35%
Matchday 19 Arsenal 0-2 West Ham United
35%
Matchday 3 Sheffield United 1-2 Manchester City
35%
Matchday 4 Luton Town 1-2 West Ham United
35%
Matchday 3 Brighton & Hove Albion 1-3 West Ham United
35%
Matchday 7 Wolverhampton Wanderers 2-1 Manchester City
35%
Matchday 7 Tottenham Hotspur 2-1 Liverpool
35%
Matchday 8 Manchester United 2-1 Brentford
35%
Matchday 15 Manchester United 2-1 Chelsea
35%
Matchday 3 Arsenal 2-2 Fulham
35%
Matchday 9 Chelsea 2-2 Arsenal
35%
Matchday 4 Arsenal 3-1 Manchester United
35%
Matchday 6 Liverpool 3-1 West Ham United
35%
Matchday 3 Manchester United 3-2 Nottingham Forest
35%
Matchday 17 Liverpool 0-0 Manchester United
32%
Matchday 4 Chelsea 0-1 Nottingham Forest
32%
Matchday 5 Everton 0-1 Arsenal
32%
Matchday 6 Burnley 0-1 Manchester United
32%
Matchday 6 Chelsea 0-1 Aston Villa
32%
Matchday 7 Manchester United 0-1 Crystal Palace
32%
Matchday 8 Luton Town 0-1 Tottenham Hotspur
32%
Matchday 13 Brentford 0-1 Arsenal
32%
Matchday 3 Bournemouth 0-2 Tottenham Hotspur
32%
Matchday 10 Manchester United 0-3 Manchester City
32%
Matchday 13 Everton 0-3 Manchester United
32%
Matchday 16 Manchester United 0-3 Bournemouth
32%
Matchday 6 Sheffield United 0-8 Newcastle United
32%
Matchday 8 Arsenal 1-0 Manchester City
32%
Matchday 11 Newcastle United 1-0 Arsenal
32%
Matchday 12 Manchester United 1-0 Luton Town
32%
Matchday 16 Aston Villa 1-0 Arsenal
32%
Matchday 3 Newcastle United 1-2 Liverpool
32%
Matchday 9 Sheffield United 1-2 Manchester United
32%
Matchday 5 Manchester United 1-3 Brighton & Hove Albion
32%
Matchday 2 Wolverhampton Wanderers 1-4 Brighton & Hove Albion
32%
Matchday 8 Burnley 1-4 Chelsea
32%
Matchday 11 Tottenham Hotspur 1-4 Chelsea
32%
Matchday 9 Liverpool 2-0 Everton
32%
Matchday 16 Everton 2-0 Chelsea
32%
Matchday 6 Arsenal 2-2 Tottenham Hotspur
32%
Matchday 2 Liverpool 3-1 Bournemouth
32%
Matchday 15 Luton Town 3-4 Arsenal
32%
Matchday 13 Newcastle United 4-1 Chelsea
32%
Matchday 12 Chelsea 4-4 Manchester City
32%
Matchday 10 Arsenal 5-0 Sheffield United
32%
Matchday 5 Bournemouth 0-0 Chelsea
30%
Matchday 10 Chelsea 0-2 Brentford
30%
Matchday 15 Sheffield United 0-2 Liverpool
30%
Matchday 7 Bournemouth 0-4 Arsenal
30%
Matchday 24 West Ham United 0-6 Arsenal
30%
Matchday 14 Newcastle United 1-0 Manchester United
30%
Matchday 15 Aston Villa 1-0 Manchester City
30%
Matchday 11 Luton Town 1-1 Liverpool
30%
Matchday 13 Manchester City 1-1 Liverpool
30%
Matchday 18 Liverpool 1-1 Arsenal
30%
Matchday 2 Luton Town 1-2 Burnley
30%
Matchday 10 Crystal Palace 1-2 Tottenham Hotspur
30%
Matchday 13 Tottenham Hotspur 1-2 Aston Villa
30%
Matchday 16 Luton Town 1-2 Manchester City
30%
Matchday 5 Wolverhampton Wanderers 1-3 Liverpool
30%
Matchday 7 West Ham United 2-0 Sheffield United
30%
Matchday 9 Tottenham Hotspur 2-0 Fulham
30%
Matchday 17 Arsenal 2-0 Brighton & Hove Albion
30%
Matchday 9 Manchester City 2-1 Brighton & Hove Albion
30%
Matchday 12 Wolverhampton Wanderers 2-1 Tottenham Hotspur
30%
Matchday 14 Arsenal 2-1 Wolverhampton Wanderers
30%
Matchday 18 Wolverhampton Wanderers 2-1 Chelsea
30%
Matchday 21 Sheffield United 2-2 West Ham United
30%
Matchday 4 Burnley 2-5 Tottenham Hotspur
30%
Matchday 4 Liverpool 3-0 Aston Villa
30%
Matchday 23 Manchester United 3-0 West Ham United
30%
Matchday 12 Arsenal 3-1 Burnley
30%
Matchday 38 Manchester City 3-1 West Ham United
30%
Matchday 14 Chelsea 3-2 Brighton & Hove Albion
30%
Matchday 19 Manchester United 3-2 Aston Villa
30%
Matchday 14 Manchester City 3-3 Tottenham Hotspur
30%
Matchday 2 Aston Villa 4-0 Everton
30%
Matchday 9 Aston Villa 4-1 West Ham United
30%
Matchday 14 Liverpool 4-3 Fulham
30%
Matchday 16 Fulham 5-0 West Ham United
30%
Matchday 4 Manchester City 5-1 Fulham
30%
Matchday 20 West Ham United 0-0 Brighton & Hove Albion
27%
Matchday 10 West Ham United 0-1 Everton
27%
Matchday 37 Manchester United 0-1 Arsenal
27%
Matchday 17 Nottingham Forest 0-2 Tottenham Hotspur
27%
Matchday 19 Burnley 0-2 Liverpool
27%
Matchday 2 Fulham 0-3 Brentford
27%
Matchday 18 Manchester City 1-0 Brentford
27%
Matchday 21 Chelsea 1-0 Fulham
27%
Matchday 14 West Ham United 1-1 Crystal Palace
27%
Matchday 31 West Ham United 1-1 Tottenham Hotspur
27%
Matchday 13 Burnley 1-2 West Ham United
27%
Matchday 16 Crystal Palace 1-2 Liverpool
27%
Matchday 22 Nottingham Forest 1-2 Arsenal
27%
Matchday 3 Burnley 1-3 Aston Villa
27%
Matchday 19 Everton 1-3 Manchester City
27%
Matchday 6 Manchester City 2-0 Nottingham Forest
27%
Matchday 17 Chelsea 2-0 Sheffield United
27%
Matchday 20 Manchester City 2-0 Sheffield United
27%
Matchday 18 Tottenham Hotspur 2-1 Everton
27%
Matchday 19 Chelsea 2-1 Crystal Palace
27%
Matchday 20 Fulham 2-1 Arsenal
27%
Matchday 8 West Ham United 2-2 Newcastle United
27%
Matchday 8 Brighton & Hove Albion 2-2 Liverpool
27%
Matchday 17 Manchester City 2-2 Crystal Palace
27%
Matchday 21 Manchester United 2-2 Tottenham Hotspur
27%
Matchday 20 Luton Town 2-3 Chelsea
27%
Matchday 10 Liverpool 3-0 Nottingham Forest
27%
Matchday 12 Liverpool 3-0 Brentford
27%
Matchday 17 West Ham United 3-0 Wolverhampton Wanderers
27%
Matchday 12 West Ham United 3-2 Nottingham Forest
27%
Matchday 16 Tottenham Hotspur 4-1 Newcastle United
27%
Matchday 21 Arsenal 5-0 Crystal Palace
27%
Matchday 36 Chelsea 5-0 West Ham United
27%
Matchday 7 Aston Villa 6-1 Brighton & Hove Albion
27%
Matchday 11 Manchester City 6-1 Bournemouth
27%
Matchday 21 Everton 0-0 Aston Villa
24%
Matchday 3 Everton 0-1 Wolverhampton Wanderers
24%
Matchday 5 Newcastle United 1-0 Brentford
24%
Matchday 18 Crystal Palace 1-1 Brighton & Hove Albion
24%
Matchday 18 Aston Villa 1-1 Sheffield United
24%
Matchday 21 Burnley 1-1 Luton Town
24%
Matchday 29 West Ham United 1-1 Aston Villa
24%
Matchday 7 Everton 1-2 Luton Town
24%
Matchday 17 Brentford 1-2 Aston Villa
24%
Matchday 26 Manchester United 1-2 Fulham
24%
Matchday 13 Luton Town 2-1 Crystal Palace
24%
Matchday 20 Nottingham Forest 2-1 Manchester United
24%
Matchday 38 Arsenal 2-1 Everton
24%
Matchday 10 Wolverhampton Wanderers 2-2 Newcastle United
24%
Matchday 35 West Ham United 2-2 Liverpool
24%
Matchday 21 Newcastle United 2-3 Manchester City
24%
Matchday 17 Newcastle United 3-0 Fulham
24%
Matchday 4 Brighton & Hove Albion 3-1 Newcastle United
24%
Matchday 12 Aston Villa 3-1 Fulham
24%
Matchday 20 Tottenham Hotspur 3-1 Bournemouth
24%
Matchday 11 Brentford 3-2 West Ham United
24%
Matchday 22 Wolverhampton Wanderers 3-4 Manchester United
24%
Matchday 22 Liverpool 4-1 Chelsea
24%
Matchday 19 Brighton & Hove Albion 4-2 Tottenham Hotspur
24%
Matchday 20 Liverpool 4-2 Newcastle United
24%
Matchday 30 Newcastle United 4-3 West Ham United
24%
Matchday 31 Chelsea 4-3 Manchester United
24%
Matchday 29 Arsenal 5-0 Chelsea
24%
Matchday 6 Crystal Palace 0-0 Fulham
22%
Matchday 22 Fulham 0-0 Everton
22%
Matchday 30 Manchester City 0-0 Arsenal
22%
Matchday 14 Nottingham Forest 0-1 Everton
22%
Matchday 33 Liverpool 0-1 Crystal Palace
22%
Matchday 17 Burnley 0-2 Everton
22%
Matchday 33 West Ham United 0-2 Fulham
22%
Matchday 33 Arsenal 0-2 Aston Villa
22%
Matchday 38 Brighton & Hove Albion 0-2 Manchester United
22%
Matchday 21 Bournemouth 0-4 Liverpool
22%
Matchday 37 Fulham 0-4 Manchester City
22%
Matchday 25 Burnley 0-5 Arsenal
22%
Matchday 5 Fulham 1-0 Luton Town
22%
Matchday 3 Brentford 1-1 Crystal Palace
22%
Matchday 5 Nottingham Forest 1-1 Burnley
22%
Matchday 6 Luton Town 1-1 Wolverhampton Wanderers
22%
Matchday 11 Everton 1-1 Brighton & Hove Albion
22%
Matchday 16 Wolverhampton Wanderers 1-1 Nottingham Forest
22%
Matchday 22 West Ham United 1-1 Bournemouth
22%
Matchday 35 Manchester United 1-1 Burnley
22%
Matchday 24 Aston Villa 1-2 Manchester United
22%
Matchday 25 Luton Town 1-2 Manchester United
22%
Matchday 6 Brentford 1-3 Everton
22%
Matchday 13 Sheffield United 1-3 Bournemouth
22%
Matchday 19 Newcastle United 1-3 Nottingham Forest
22%
Matchday 22 Aston Villa 1-3 Newcastle United
22%
Matchday 34 Fulham 1-3 Liverpool
22%
Matchday 7 Newcastle United 2-0 Burnley
22%
Matchday 26 Chelsea 2-0 Tottenham Hotspur
22%
Matchday 28 Manchester United 2-0 Everton
22%
Matchday 29 Everton 2-0 Liverpool
22%
Matchday 31 Arsenal 2-0 Luton Town
22%
Matchday 38 Liverpool 2-0 Wolverhampton Wanderers
22%
Matchday 10 Bournemouth 2-1 Burnley
22%
Matchday 11 Sheffield United 2-1 Wolverhampton Wanderers
22%
Matchday 37 Tottenham Hotspur 2-1 Burnley
22%
Matchday 38 Chelsea 2-1 Bournemouth
22%
Matchday 4 Sheffield United 2-2 Everton
22%
Matchday 14 Bournemouth 2-2 Aston Villa
22%
Matchday 32 Manchester United 2-2 Liverpool
22%
Matchday 32 Sheffield United 2-2 Chelsea
22%
Matchday 33 Bournemouth 2-2 Manchester United
22%
Matchday 35 Aston Villa 2-2 Chelsea
22%
Matchday 12 Crystal Palace 2-3 Everton
22%
Matchday 35 Tottenham Hotspur 2-3 Arsenal
22%
Matchday 37 Nottingham Forest 2-3 Chelsea
22%
Matchday 23 Chelsea 2-4 Wolverhampton Wanderers
22%
Matchday 15 Everton 3-0 Newcastle United
22%
Matchday 29 Fulham 3-0 Tottenham Hotspur
22%
Matchday 36 Arsenal 3-0 Bournemouth
22%
Matchday 5 Aston Villa 3-1 Crystal Palace
22%
Matchday 8 Fulham 3-1 Sheffield United
22%
Matchday 10 Aston Villa 3-1 Luton Town
22%
Matchday 22 Manchester City 3-1 Burnley
22%
Matchday 23 Arsenal 3-1 Liverpool
22%
Matchday 27 Manchester City 3-1 Manchester United
22%
Matchday 31 Liverpool 3-1 Sheffield United
22%
Matchday 37 West Ham United 3-1 Luton Town
22%
Matchday 4 Crystal Palace 3-2 Wolverhampton Wanderers
22%
Matchday 13 Fulham 3-2 Wolverhampton Wanderers
22%
Matchday 37 Aston Villa 3-3 Liverpool
22%
Matchday 9 Newcastle United 4-0 Crystal Palace
22%
Matchday 22 Luton Town 4-0 Brighton & Hove Albion
22%
Matchday 36 Crystal Palace 4-0 Manchester United
22%
Matchday 26 Arsenal 4-1 Newcastle United
22%
Matchday 36 Liverpool 4-2 Tottenham Hotspur
22%
Matchday 15 Fulham 5-0 Nottingham Forest
22%
Matchday 38 Crystal Palace 5-0 Aston Villa
22%
Matchday 21 Brighton & Hove Albion 0-0 Wolverhampton Wanderers
19%
Matchday 11 Burnley 0-2 Crystal Palace
19%
Matchday 18 Fulham 0-2 Burnley
19%
Matchday 34 Tottenham Hotspur 0-2 Manchester City
19%
Matchday 35 Nottingham Forest 0-2 Manchester City
19%
Matchday 38 Sheffield United 0-3 Tottenham Hotspur
19%
Matchday 28 Aston Villa 0-4 Tottenham Hotspur
19%
Matchday 23 Sheffield United 0-5 Aston Villa
19%
Matchday 25 Sheffield United 0-5 Brighton & Hove Albion
19%
Matchday 27 Sheffield United 0-6 Arsenal
19%
Matchday 15 Wolverhampton Wanderers 1-0 Burnley
19%
Matchday 16 Sheffield United 1-0 Brentford
19%
Matchday 18 Luton Town 1-0 Newcastle United
19%
Matchday 7 Nottingham Forest 1-1 Brentford
19%
Matchday 8 Wolverhampton Wanderers 1-1 Aston Villa
19%
Matchday 10 Brighton & Hove Albion 1-1 Fulham
19%
Matchday 12 Brighton & Hove Albion 1-1 Sheffield United
19%
Matchday 16 Brighton & Hove Albion 1-1 Burnley
19%
Matchday 25 Manchester City 1-1 Chelsea
19%
Matchday 28 Liverpool 1-1 Manchester City
19%
Matchday 30 Brentford 1-1 Manchester United
19%
Matchday 25 Fulham 1-2 Aston Villa
19%
Matchday 32 Wolverhampton Wanderers 1-2 West Ham United
19%
Matchday 34 Brighton & Hove Albion 1-2 Chelsea
19%
Matchday 23 Brentford 1-3 Manchester City
19%
Matchday 11 Nottingham Forest 2-0 Aston Villa
19%
Matchday 12 Bournemouth 2-0 Newcastle United
19%
Matchday 24 Manchester City 2-0 Everton
19%
Matchday 25 Nottingham Forest 2-0 West Ham United
19%
Matchday 15 Brighton & Hove Albion 2-1 Brentford
19%
Matchday 28 Arsenal 2-1 Brentford
19%
Matchday 30 Liverpool 2-1 Brighton & Hove Albion
19%
Matchday 4 Brentford 2-2 Bournemouth
19%
Matchday 9 Nottingham Forest 2-2 Luton Town
19%
Matchday 25 Newcastle United 2-2 Bournemouth
19%
Matchday 27 Brentford 2-2 Chelsea
19%
Matchday 28 West Ham United 2-2 Burnley
19%
Matchday 30 Chelsea 2-2 Burnley
19%
Matchday 13 Nottingham Forest 2-3 Brighton & Hove Albion
19%
Matchday 19 Sheffield United 2-3 Luton Town
19%
Matchday 38 Luton Town 2-4 Fulham
19%
Matchday 38 Brentford 2-4 Newcastle United
19%
Matchday 9 Brentford 3-0 Burnley
19%
Matchday 20 Wolverhampton Wanderers 3-0 Everton
19%
Matchday 6 Brighton & Hove Albion 3-1 Bournemouth
19%
Matchday 14 Brentford 3-1 Luton Town
19%
Matchday 32 Tottenham Hotspur 3-1 Nottingham Forest
19%
Matchday 20 Aston Villa 3-2 Burnley
19%
Matchday 21 Brentford 3-2 Nottingham Forest
19%
Matchday 28 Chelsea 3-2 Newcastle United
19%
Matchday 34 Manchester United 3-2 Newcastle United
19%
Matchday 33 Newcastle United 4-0 Tottenham Hotspur
19%
Matchday 31 Manchester City 4-1 Aston Villa
19%
Matchday 17 Bournemouth 4-3 Luton Town
19%
Matchday 14 Burnley 5-0 Sheffield United
19%
Matchday 34 Crystal Palace 5-2 West Ham United
19%
Matchday 33 Chelsea 6-0 Everton
19%
Matchday 8 Crystal Palace 0-0 Nottingham Forest
16%
Matchday 26 Bournemouth 0-1 Manchester City
16%
Matchday 27 West Ham United 0-1 Liverpool
16%
Matchday 32 Fulham 0-1 Newcastle United
16%
Matchday 15 Crystal Palace 0-2 Bournemouth
16%
Matchday 34 Wolverhampton Wanderers 0-2 Arsenal
16%
Matchday 32 Brighton & Hove Albion 0-3 Arsenal
16%
Matchday 26 Wolverhampton Wanderers 1-0 Sheffield United
16%
Matchday 37 Everton 1-0 Sheffield United
16%
Matchday 31 Newcastle United 1-1 Everton
16%
Matchday 33 Burnley 1-1 Brighton & Hove Albion
16%
Matchday 35 Fulham 1-1 Crystal Palace
16%
Matchday 36 Luton Town 1-1 Everton
16%
Matchday 9 Bournemouth 1-2 Wolverhampton Wanderers
16%
Matchday 38 Burnley 1-2 Nottingham Forest
16%
Matchday 24 Luton Town 1-3 Sheffield United
16%
Matchday 24 Crystal Palace 1-3 Chelsea
16%
Matchday 27 Everton 1-3 West Ham United
16%
Matchday 25 Brentford 1-4 Liverpool
16%
Matchday 24 Tottenham Hotspur 2-1 Brighton & Hove Albion
16%
Matchday 30 Tottenham Hotspur 2-1 Luton Town
16%
Matchday 23 Everton 2-2 Tottenham Hotspur
16%
Matchday 23 Burnley 2-2 Fulham
16%
Matchday 18 Nottingham Forest 2-3 Bournemouth
16%
Matchday 32 Crystal Palace 2-4 Manchester City
16%
Matchday 8 Everton 3-0 Bournemouth
16%
Matchday 20 Crystal Palace 3-1 Brentford
16%
Matchday 24 Fulham 3-1 Bournemouth
16%
Matchday 24 Liverpool 3-1 Burnley
16%
Matchday 27 Tottenham Hotspur 3-1 Crystal Palace
16%
Matchday 34 Aston Villa 3-1 Bournemouth
16%
Matchday 22 Crystal Palace 3-2 Sheffield United
16%
Matchday 22 Tottenham Hotspur 3-2 Brentford
16%
Matchday 30 Sheffield United 3-3 Fulham
16%
Matchday 32 Aston Villa 3-3 Brentford
16%
Matchday 26 Liverpool 4-1 Luton Town
16%
Matchday 26 West Ham United 4-2 Brentford
16%
Matchday 29 Manchester United 4-2 Sheffield United
16%
Matchday 33 Manchester City 5-1 Luton Town
16%
Matchday 35 Newcastle United 5-1 Sheffield United
16%
Matchday 31 Brentford 0-0 Brighton & Hove Albion
14%
Matchday 29 Brighton & Hove Albion 0-4 Manchester City
14%
Matchday 32 Everton 1-0 Burnley
14%
Matchday 35 Everton 1-0 Brentford
14%
Matchday 23 Bournemouth 1-1 Nottingham Forest
14%
Matchday 25 Everton 1-1 Crystal Palace
14%
Matchday 26 Brighton & Hove Albion 1-1 Everton
14%
Matchday 28 Crystal Palace 1-1 Luton Town
14%
Matchday 29 Luton Town 1-1 Nottingham Forest
14%
Matchday 30 Nottingham Forest 1-1 Crystal Palace
14%
Matchday 37 Newcastle United 1-1 Brighton & Hove Albion
14%
Matchday 25 Tottenham Hotspur 1-2 Wolverhampton Wanderers
14%
Matchday 37 Wolverhampton Wanderers 1-3 Crystal Palace
14%
Matchday 19 Brentford 1-4 Wolverhampton Wanderers
14%
Matchday 36 Burnley 1-4 Newcastle United
14%
Matchday 29 Crystal Palace 2-0 Newcastle United
14%
Matchday 30 Aston Villa 2-0 Wolverhampton Wanderers
14%
Matchday 33 Brentford 2-0 Sheffield United
14%
Matchday 34 Everton 2-0 Nottingham Forest
14%
Matchday 30 Bournemouth 2-1 Everton
14%
Matchday 32 Luton Town 2-1 Bournemouth
14%
Matchday 33 Nottingham Forest 2-2 Wolverhampton Wanderers
14%
Matchday 27 Luton Town 2-3 Aston Villa
14%
Matchday 19 Bournemouth 3-0 Fulham
14%
Matchday 26 Crystal Palace 3-0 Burnley
14%
Matchday 27 Newcastle United 3-0 Wolverhampton Wanderers
14%
Matchday 27 Fulham 3-0 Brighton & Hove Albion
14%
Matchday 31 Nottingham Forest 3-1 Fulham
14%
Matchday 23 Brighton & Hove Albion 4-1 Crystal Palace
14%
Matchday 23 Newcastle United 4-4 Luton Town
14%
Matchday 36 Manchester City 5-1 Wolverhampton Wanderers
14%
Matchday 36 Brentford 0-0 Fulham
11%
Matchday 24 Wolverhampton Wanderers 0-2 Brentford
11%
Matchday 27 Burnley 0-2 Bournemouth
11%
Matchday 28 Brighton & Hove Albion 1-0 Nottingham Forest
11%
Matchday 31 Bournemouth 1-0 Crystal Palace
11%
Matchday 36 Brighton & Hove Albion 1-0 Aston Villa
11%
Matchday 31 Burnley 1-1 Wolverhampton Wanderers
11%
Matchday 37 Bournemouth 1-2 Brentford
11%
Matchday 36 Sheffield United 1-3 Nottingham Forest
11%
Matchday 34 Sheffield United 1-4 Burnley
11%
Matchday 28 Wolverhampton Wanderers 2-1 Fulham
11%
Matchday 35 Wolverhampton Wanderers 2-1 Luton Town
11%
Matchday 28 Bournemouth 2-2 Sheffield United
11%
Matchday 26 Aston Villa 4-2 Nottingham Forest
11%
Matchday 29 Wolverhampton Wanderers 0-1 Bournemouth
8%
Matchday 34 Luton Town 1-5 Brentford
8%
Matchday 29 Burnley 2-1 Brentford
8%
Matchday 24 Nottingham Forest 2-3 Newcastle United
8%
Matchday 35 Bournemouth 3-0 Brighton & Hove Albion
8%
No matching quizzes found
Score Distribution
Percent of People with Each Score
Percentile by Number Answered
Your Score History
You have not taken this quiz